Rice market study in kompong thom province, (ការសិក្សាទីផ្សារ អង្ករនៅខេត្តកំពង់ធំ) (Record no. 2001)

000 -LEADER
fixed length control field 00512nam a22001577a 4500
003 - CONTROL NUMBER IDENTIFIER
control field OSt
005 - DATE AND TIME OF LATEST TRANSACTION
control field 20151006104428.0
008 - FIXED-LENGTH DATA ELEMENTS--GENERAL INFORMATION
fixed length control field 151006b xxu||||| |||| 00| 0 eng d
040 ## - CATALOGING SOURCE
Transcribing agency RUA
082 ## - DEWEY DECIMAL CLASSIFICATION NUMBER
Classification number AGR KEA 2003 B029 Or.1
100 ## - MAIN ENTRY--PERSONAL NAME
9 (RLIN) 2130
Personal name KEA KIMSAN
245 ## - TITLE STATEMENT
Title Rice market study in kompong thom province, (ការសិក្សាទីផ្សារ អង្ករនៅខេត្តកំពង់ធំ)
260 ## - PUBLICATION, DISTRIBUTION, ETC. (IMPRINT)
Place of publication, distribution, etc. phnom penh
Name of publisher, distributor, etc. rua
Date of publication, distribution, etc. 2003
300 ## - PHYSICAL DESCRIPTION
Extent 49p.
Other physical details ill.
Dimensions 29cm.
942 ## - ADDED ENTRY ELEMENTS (KOHA)
Source of classification or shelving scheme
Koha item type AGR
Holdings
Price effective from Date last seen Permanent Location Not for loan Date acquired Date last checked out Source of classification or shelving scheme Koha item type Total Checkouts Barcode Lost status Damaged status Withdrawn status Current Location Full call number
2015-10-062018-02-02Library Block B 2015-10-062016-12-20 AGR2RUA015134   Library Block BAGR KEA 2003 B029 Or.1
មជ្ឈមណ្ឌលឯការនៃសាកលវិទ្យាល័យភូមិន្ទកសិកម្មចំការដូង

Powered by Koha